Guess the Taylor Swift song with no hints ~3 - Statistics

General Stats
  • This quiz has been taken 501 times
  • The average score is 253 of 382
Answer Stats
Answer % Correct
I
100%
a
98%
the
97%
you
97%
we
95%
and
92%
And
92%
in
92%
me
92%
your
92%
it
91%
to
91%
he
90%
When
90%
when
90%
be
88%
on
88%
love
87%
so
85%
that
85%
she
83%
She
83%
they
83%
her
81%
I'm
81%
it's
81%
of
81%
Like
80%
like
80%
was
80%
all
79%
go
79%
for
76%
if
76%
If
76%
this
75%
know
74%
can't
67%
had
67%
up
67%
one
66%
never
64%
Cause
62%
could
62%
she's
62%
his
61%
just
61%
with
61%
would
61%
did
59%
Emma
59%
falls
59%
time
59%
down
58%
will
58%
out
57%
boy
54%
has
54%
good
51%
Now
51%
tell
51%
wish
51%
only
50%
same
50%
way
50%
about
48%
bad
48%
LA
48%
truth
47%
chance
46%
always
45%
put
45%
eyes
44%
sometimes
44%
town
44%
won't
44%
small
43%
Yeah
43%
boys
42%
call
42%
kind
42%
mom
42%
does
41%
grew
41%
hand
41%
man
41%
New
41%
these
41%
Cleopatra
40%
gonna
40%
Well
40%
book
38%
door
38%
heart
38%
right
38%
thinks
38%
wrong
38%
calls
37%
knows
36%
met
36%
rain
36%
she'll
36%
face
35%
floor
35%
Miss
35%
paces
35%
York
35%
ways
34%
after
33%
away
33%
leave
33%
place
33%
alone
32%
change
32%
little
32%
Little
32%
palm
32%
takes
32%
world's
32%
laugh
31%
locks
31%
walk
31%
own
30%
between
29%
Jokes
29%
Sunshine
29%
whole
29%
Closes
28%
keeps
28%
years
28%
apart
27%
blinds
27%
absolutely
26%
stars
26%
fits
25%
pain
25%
seein'
25%
space
25%
Turns
25%
unless
25%
learning
24%
lose
24%
herself
23%
outer
23%
air
22%
bears
22%
rains
22%
waits
22%
shelter
20%
Hangs
19%
dissapears
15%
No matching quizzes found
Score Distribution
Percent of People with Each Score
Percentile by Number Answered
Your Score History
You have not taken this quiz